|
|
|
|
| LEADER |
00000naa2a2200000 4500 |
| 001 |
175551 |
| 005 |
20231031165119.0 |
| 035 |
|
|
|a (RuTPU)RU\TPU\book\190341
|
| 035 |
|
|
|a RU\TPU\tpu\5309
|
| 090 |
|
|
|a 175551
|
| 100 |
|
|
|a 20100215d1964 k y0rusy50 ca
|
| 101 |
0 |
|
|a rus
|
| 102 |
|
|
|a RU
|
| 200 |
1 |
|
|a Автокорректоры для уменьшения требований к допускам на интенсивность шумов магнитного поля, радиочастоты и напряжения ускоряющего поля
|f В. А. Бертулис
|
| 463 |
|
0 |
|0 (RuTPU)RU\TPU\book\101575
|t Электронные ускорители
|o труды IV межвузовской конференции по электронным ускорителям, 13-17 февраля 1961,Томск
|v С. 82-89
|d 1964
|p 559 с.
|
| 610 |
1 |
|
|a электронные ускорители
|
| 610 |
1 |
|
|a труды учёных ТПУ
|
| 700 |
|
1 |
|a Бертулис
|b В. А.
|
| 801 |
|
0 |
|a RU
|b 63413507
|c 20011210
|g PSBO
|
| 801 |
|
2 |
|a RU
|b 63413507
|c 20100215
|g PSBO
|
| 942 |
|
|
|c BK
|